000
00294nam a2200133Ia 4500
008
260604s9999 xx 000 0 und d
020
_a
9781544362717
082
_a
174 FIS
100
_a
FISHER
_9
35121
245
0
_a
DECODING THE ETHICS CODE
260
_b
SAGE
500
_a
Ethics
942
_c
BK
999
_c
7879
_d
7879